01909 2200217 4500001002100000005001500021035002000036008004100056245011700097110000800214260003600222300002200258020002200280084002300302520128900325082001701614650002501631650001801656863000601674990001101680INLIS00000000001005020251029031849 a0010-0721005309251029 g 0 ind 1 aEnsiklopedia Sejarah Dan Budaya 1 :bDunia Purba (40000 - 500 SM) Dunia Klasik (499 SM - 500SM /cSmith, Miranda0 aTIM aJakarta :bLentera Abadi,c2009 a98 hlm. ;c30 cm. a978-979-3535-41-5 aR.900.959 83 TIM e aENSIKLOPEDIA SEJARAH DAN BUDAYA KEHIDUPAN yang kita alami sekarang merupakan hasil dari rangkaian kehidupan masa lalu. Ensikiopedia Sejarah dan Budaya jilid 1-5 (sejarah dunia) berisi berbagai fakta dan kisah tentang berbagai bangsa. tempat dan peristiwa pada masa lalu yang membentuk dunia seperti yang kita kenal pada saat ini. Kita dapat mengetahui gambaran mengenai bagaimana para tokoh seperti pemimpin, tiran, seniman, dan ilmuwan yang hidup ratusan tahun yang lalu meninggalkan warisan yang masih berpengaruh dalam kehidupan manusia pada abad ke-21 ini. Kita akan menelusuri kehidupan manusia selama 40.000 tahun terakhir, dari kehidupan para penghuni gua pada zaman batu hingga bangsa Anglo-Sakson. dari bangsa Aztek dan Inca yang hidup di Amerika Tengah sampai bangsa Manchu di Cina, dan dari Perang Kemerdekaan Amerika hingga upaya PBB untuk menjaga perdamaian dunia. Muatan Lokal (jilid 6-8) yang merupakan sejarah nasional Indonesia (dari masa prasejarah, masa kolonial sampai masa kemerdekaan dan pembangunan). akan membawa kita mengenal perjalanan sejarah bangsa kita Indonesia. Bangsa yang besar serta bangsa yang memiliki visa yang jelas untuk menggapai cita-citanya di masa depan adalah bangsa yang mampu mengenal mempelajari dan memaknai sejarah atau masa lampaunya. aR.900.959 83 4aEnsiklopedia Sejarah 4aSejarah Dunia a2 a053307